Steven Universe - What Can I Do (For You) - Lyrics Quiz - Statistics

General Stats
  • This quiz has been taken 18 times
  • The average score is 99 of 100
Answer Stats
Character Lyrics % Correct
Rose Quartz And
100%
are
100%
can
100%
do
100%
do?
100%
else
100%
For
100%
I
100%
like
100%
no
100%
Oh-
100%
oh-
100%
oh~
100%
On
100%
one
100%
That
100%
way
100%
Rose Quartz and Greg Universe What
100%
whoa-
100%
Garnet (Woo!)
100%
you?
100%
You
100%
you
100%
your
100%
along
94%
band
94%
beings
94%
entertaining
94%
fun
94%
Rose Quartz Human
94%
much
94%
plan
94%
play
94%
playing
94%
quite
94%
so
94%
the
94%
this
94%
finding
88%
man
88%
hadn't
82%
song
82%
No matching quizzes found
Score Distribution
Percent of People with Each Score
Percentile by Number Answered
Your Score History
You have not taken this quiz